| 000 | 00532nam a2200205 a 4500 | ||
|---|---|---|---|
| 005 | 20140310183525.0 | ||
| 008 | 110929s19uu xx 00 eng d | ||
| 020 | _a9780132461184 | ||
| 050 |
_aHB 171.5 _b.F2487 2010 |
||
| 100 | _aFarnham, Paul | ||
| 245 |
_aEconomics for managers / _cPaul G. Farnham. |
||
| 250 | _a2nd ed. | ||
| 260 |
_aBoston : _bPearson, _c2010. |
||
| 300 |
_a532 p. : _bcol. ill. ; _c29 cm. |
||
| 521 | _aBSBA | ||
| 650 | _aEconomics | ||
| 650 | _aManagement | ||
| 942 |
_cBK _2lcc _kFOR |
||
| 999 |
_c24491 _d24491 |
||